Le placement de produit diplomová práca

Enregistré dans:
Détails bibliographiques
Auteur principal: Glejtková, Lucia
Collectivité auteur: Obchodná fakulta EU. Katedra marketingu
Autres auteurs: Kita, Pavol
Format: Livre
Langue:français
Publié: Bratislava 2017
Tags: Ajouter un tag
Pas de tags, Soyez le premier à ajouter un tag!

MARC

LEADER 00000nbm a2200000 4500
001 0230851
005 20240916082416.4
041 0 |a fre 
044 |a SK 
245 1 0 |a Le placement de produit  |b diplomová práca  |c Lucia Glejtková ; školiteľ: Pavol Kita 
264 1 |a Bratislava  |c 2017 
300 |a 87 s. 
100 1 |a Glejtková, Lucia 
700 1 |a Kita, Pavol 
710 2 |a Obchodná fakulta EU. Katedra marketingu